Actividades en el contexto familiar y percepción de las capacidades infantiles (Record no. 61884)

MARC details
000 -CABECERA
campo de control de longitud fija 00700nam a2200241 a 4500
005 - FECHA Y HORA DE LA ÚLTIMA TRANSACCIÓN
campo de control 20210219152840.0
008 - ELEMENTOS DE LONGITUD FIJA--INFORMACIÓN GENERAL
campo de control de longitud fija 991125n 000 0 spa u
035 ## - NÚMERO DE CONTROL DEL SISTEMA
Número de control de sistema UPN01000062787
100 1# - ASIENTO PRINCIPAL--NOMBRE PERSONAL
Nombre de persona Vila Mendiburu, Ignasi
222 ## - TÍTULO CLAVE
Título clave INFANCIA Y APRENDIZAJE =
222 ## - TÍTULO CLAVE
Información calificativa JOURNAL FOR THE STUDY OF EDUCATION AND DEVELOPMENT
245 ## - MENCIÓN DE TÍTULO
Título Actividades en el contexto familiar y percepción de las capacidades infantiles
260 ## - PUBLICACIÓN, DISTRIBUCIÓN, ETC.
Lugar de publicación, distribución, etc. Madrid, España
300 ## - DESCRIPCIÓN FÍSICA
Extensión 59-70
362 0# - FECHAS DE PUBLICACIÓN Y/O DESIGNACIÓN SECUENCIAL
Fecha de publicación y/o designación secuencial 1994 No. 66
653 0# - TERMINO DE INDIZACION - NO CONTROLADO
Término no controlado DESARROLLO INFANTIL
653 0# - TERMINO DE INDIZACION - NO CONTROLADO
Término no controlado FAMILIA
653 0# - TERMINO DE INDIZACION - NO CONTROLADO
Término no controlado INTERACCION MADRE-HIJO
700 1# - ASIENTO SECUNDARIO--NOMBRE DE PERSONAL
Nombre de persona Bassedas, Merce,
700 1# - ASIENTO SECUNDARIO--NOMBRE DE PERSONAL
Término indicativo de función/relación coaut.
904 ## - ELEMENTOS DE DATOS D LOCAL, LDD (RLIN)
a AC
b 000598
905 ## - TIPO DE MATERIAL
Tipo de material Articulo

No items available.